Kung Fu Panda Characters Quiz - Statistics

General Stats
  • This quiz has been taken 707 times
  • The average score is 11 of 15
Answer Stats
Hint Answer % Correct
Dragon Warrior Po
100%
Member of Furious Five that believed he/she would become the Dragon Warrior Tigress
94%
Master that trains the Dragon Warrior along with the Furious FIve Master Shifu
91%
Very energetic member of Furious Five Monkey
89%
Tiny Member of Furious Five Mantis
87%
Master that dies in the first movie Master Oogway
86%
Member of Furious Five (Bird) Crane
85%
Slithering Member of Furious Five Viper
79%
Dragon Warrior adopted father is a...(animal) Goose
77%
Antagonist in first movie Tai Lung
74%
Antagonist in second movie (hint: peacock) Lord Shen
63%
Croc
50%
Masters' Council of Gongmen City: Thundering Rhino
49%
Storming Ox
40%
Boar
5%
No matching quizzes found
Score Distribution
Percent of People with Each Score
Percentile by Number Answered
Your Score History
You have not taken this quiz